000 00894nam0a22002411 4500
001 rc\3767159
005 20120127163517.8
035 _a(NLR Aleph) 007218409
090 _a7689827
_c7689827
100 _a20120127d1975 |||y0rusy50 ca
101 0 _arus
102 _aRU
105 _ay d |||||
200 1 _aАграрная политика в развивающихся странах Азии и Африки
_eРеф. сборник
_fРед. коллегия: С.М. Макарова, к. э. н., отв. ред. [и др.]
_gАН СССР. Ин-т науч. информации по обществ. наукам
210 _aМосква
_cБ. и.
_d1975
215 _a227 с.
_d20
333 _aДСП. Экз. № 8
702 1 _aМакарова
_bС. М.
_4340
801 0 _aRU
_bNLR
_gpsbo
801 1 _aRU
_bELAR
_2rusmarc
852 _aNLR
_j75-50К/5309
942 _cBOOK
980 _aNB